Progress against poverty : (Record no. 895)

000 -LEADER
fixed length control field 01438nam a22003617a 4500
001 - CONTROL NUMBER
control field 10597969
003 - CONTROL NUMBER IDENTIFIER
control field LIBRIS
005 - DATE AND TIME OF LATEST TRANSACTION
control field 20241030092719.0
008 - FIXED-LENGTH DATA ELEMENTS--GENERAL INFORMATION
fixed length control field 071108s2006 xxu|||||||||||000 ||eng|c
020 ## - INTERNATIONAL STANDARD BOOK NUMBER
International Standard Book Number 9780815752219
020 ## - INTERNATIONAL STANDARD BOOK NUMBER
International Standard Book Number 0815752210
040 ## - CATALOGING SOURCE
Original cataloging agency Sipr
Description conventions a
Language of cataloging eng
Transcribing agency DLC
041 ## - LANGUAGE CODE
Language code of text/sound track or separate title eng
080 ## - UNIVERSAL DECIMAL CLASSIFICATION NUMBER
Universal Decimal Classification number 32
Item number L-62
100 1# - MAIN ENTRY--PERSONAL NAME
Personal name Levy, Santiago
245 10 - TITLE STATEMENT
Title Progress against poverty :
Remainder of title sustaining Mexico's Progresa-Oportunidades program /
Statement of responsibility, etc. / by: Brookings Institution Press
260 ## - PUBLICATION, DISTRIBUTION, ETC.
Place of publication, distribution, etc. Washington, D.C.
Name of publisher, distributor, etc. Brookings Institution Press,
Date of publication, distribution, etc. 2006
300 ## - PHYSICAL DESCRIPTION
Extent x, 166 p.
Other physical details ill.
650 #7 - SUBJECT ADDED ENTRY--TOPICAL TERM
Topical term or geographic name entry element developing countries
Geographic subdivision Mexico
Source of heading or term sipri
650 #0 - SUBJECT ADDED ENTRY--TOPICAL TERM
Topical term or geographic name entry element Politics
9 (RLIN) 443
651 #7 - SUBJECT ADDED ENTRY--GEOGRAPHIC NAME
Geographic name Mexico
General subdivision poverty
-- social conditions
-- education
Source of heading or term sipri
653 ## - INDEX TERM--UNCONTROLLED
Uncontrolled term პოლიტიკა
653 ## - INDEX TERM--UNCONTROLLED
Uncontrolled term განვითარებადი ქვეყნები
653 ## - INDEX TERM--UNCONTROLLED
Uncontrolled term მექსიკა
887 ## - NON-MARC INFORMATION FIELD
Content of non-MARC field {"@id":"9sllc44m2nsgd1r","modified":"2018-10-30T23:00:00+01:00","checksum":"20562653393"}
Source of data librisxl
887 ## - NON-MARC INFORMATION FIELD
Content of non-MARC field {"@id":"kwncmct6h29r0m92","modified":"2020-01-13T14:05:51.651+01:00","checksum":"12508739057"}
Source of data librisxl
887 ## - NON-MARC INFORMATION FIELD
Content of non-MARC field {"@id":"jnvrllnp08zh3gw","modified":"2010-09-29T08:49:32+02:00","checksum":"2482340195"}
Source of data librisxl
942 ## - ADDED ENTRY ELEMENTS (KOHA)
Source of classification or shelving scheme
Koha item type Books
Holdings
Withdrawn status Lost status Source of classification or shelving scheme Damaged status Not for loan Permanent location Current location Date acquired Inventory number Total Checkouts Full call number Barcode Date last seen Price effective from Koha item type
          Ken Walker International University Ken Walker International University 01/20/2021 2388   32 L-62 2388 01/20/2021 01/20/2021 Books
          Ken Walker International University Ken Walker International University 01/28/2021 2497   32 L-62 2497 01/28/2021 01/28/2021 Books

Powered by Koha